• 首页
  • 本馆介绍
  • 公告通知
  • 最新文献
  • 馆藏检索
  • 电子资源
  • 读者导购
  • 参考咨询
  • 我的图书馆
  • 登录
  • 详细信息显示
  • 放入我的书架
  • 预约/预借图书
  • 作者相关作品
  • 分类相关作品
  • 丛书相关作品
  • 出版社相关作品

书目信息

  • 表格格式
  • 工作单格式
  • 卡片格式
题名:
北京高校马克思主义理论学科与思想政治理论课建设发展报告
    
 
作者: 艾四林 , 吴潜涛 主编
分册: 2020  
出版信息: 北京   研究出版社  2021.12
页数: 472页
开本: 24cm
丛书名:
单 册:
中图分类: A81-4 , G641
科图分类:
主题词: 高等学校--gao deng xue xiao--马克思主义理论--学科建设--研究报告--北京--2020 , 高等学校--gao deng xue xiao--思想政治教育--学科建设--研究报告--北京--2020
电子资源:
ISBN: 978-7-5199-1154-6
000 01243nam 2200277 450
001 CAL 0120227365589
005 20230307163522.38
010    @a978-7-5199-1154-6@dCNY88.00
100    @a20220316d2021 em y0chiy0120 ea
101 0  @achi
102    @aCN@b110000
105    @aa a 000yy
106    @ar
200 1  @a北京高校马克思主义理论学科与思想政治理论课建设发展报告@Abei jing gao xiao ma ke si zhu yi li lun xue ke yu si xiang zheng zhi li lun ke jian she fa zhan bao gao@h2020@f艾四林, 吴潜涛主编
210    @a北京@c研究出版社@d2021.12
215    @a472页@c彩图@d24cm
320    @a有书目
330    @a本书主要围绕学科年度发展概况、教师队伍、科学研究、人才培养、教学方法改革、社会实践、教学保障、教学评价八个方面, 从数据解读、取得成绩、存在问题、对策建议四个维度对2020年北京高校马克思主义理论学科与思想政治理论课建设发展状况进行了较为全面深入的梳理。
606 0  @a高等学校@Agao deng xue xiao@x马克思主义理论@x学科建设@x研究报告@y北京@z2020
606 0  @a高等学校@Agao deng xue xiao@x思想政治教育@x学科建设@x研究报告@y北京@z2020
690    @aA81-4@v5
690    @aG641@v5
701  0 @a艾四林@Aai si lin@4主编
701  0 @a吴潜涛@Awu qian tao@4主编
801  0 @aCN@bBJXHZP@c20230228
905    @b1406017-21@dA81-4@e448(2020)@f5
    
    北京高校马克思主义理论学科与思想政治理论课建设发展报告.2020/艾四林, 吴潜涛主编.-北京:研究出版社,2021.12
    472页:彩图;24cm
    
    
    ISBN 978-7-5199-1154-6:CNY88.00
    本书主要围绕学科年度发展概况、教师队伍、科学研究、人才培养、教学方法改革、社会实践、教学保障、教学评价八个方面, 从数据解读、取得成绩、存在问题、对策建议四个维度对2020年北京高校马克思主义理论学科与思想政治理论课建设发展状况进行了较为全面深入的梳理。
●
相关链接 在E读中查询图书 在五车中查询图书 在当当中查询图书 在豆瓣中查询图书


正题名:北京高校马克思主义理论学科与思想政治理论课建设发展报告     索取号:A81-4/448(2020)         预约/预借

序号 登录号 条形码 馆藏地/架位号 状态 备注
1 1406017   214060175   第一样本阅览室/ [索取号:A81-4/448(2020)] 在馆    
2 1406018   214060184   第一借阅区/ [索取号:A81-4/448(2020)] 在馆    
3 1406019   214060193   第一借阅区/ [索取号:A81-4/448(2020)] 在馆    
4 1406020   214060200   第一借阅区/ [索取号:A81-4/448(2020)] 在馆    
5 1406021   214060219   第一借阅区/ [索取号:A81-4/448(2020)] 在馆    
唐山师范学院图书馆 欢迎您!
大连网信软件有限公司© 版权所有